Top 25 Most Downloaded Programs - Statistics

General Stats
  • This quiz has been taken 21 times
    20 since last reset
  • The average score is 5 of 24
Answer Stats
Hint Answer % Correct
Browser Firefox
89%
Browser Chrome
84%
Image Manipulation Photoshop
47%
Media Player VLC
42%
Social Skype
37%
File Reader Acrobat
32%
Anti-Virus Avast
32%
Browser Opera
32%
Utility Office
26%
Cloud Sharing OneDrive
26%
Anti-Virus AVG
21%
Anti-Virus Kaspersky
21%
Utility WinRAR
21%
Downloader uTorrent
11%
Utility WinZip
11%
Social WhatsApp
5%
Utility CCleaner
0%
Social Facebook Desktop
0%
Utility Flash Player
0%
Cloud Sharing FrostWire
0%
Downloader Internet Download Manager
0%
Utility Java Runtime Environment
0%
Cloud Sharing SHAREit
0%
Downloader YTD Video Downloader
0%
No matching quizzes found
Score Distribution
Percent of People with Each Score
Percentile by Number Answered
Your Score History
You have not taken this quiz since the last reset